000 00550nam a22001937a 4500
003 OSt
005 20140310182950.0
008 130206t xxu||||| |||| 00| 0 eng d
020 _a9789715847247
050 _aBC 108
_b.T114 2008
100 _aTabotabo, Claudio V. et.al.
245 _aIntroduction to logic :
_ba modular approach /
_cClaudio V. Tabotabo... [et al.].
260 _aQuezon City :
_bC & E Publishing,
_c 2008.
300 _a124 p. :
_bill. ;
_c22 cm.
521 _aEDU
562 _e1
942 _2lcc
_cBK
_kLOC
999 _c17896
_d17896